Die 21 größten Fußballstadien in Berlin - Statistiken

Allgemein
  • Dieses Quiz wurde 16 mal gespielt
  • Das Durchschnittsergebnis liegt bei 3 aus 21
Antwortstatistiken
Kapazität Stadion % Korrekt
74.064 Olympiastadion (Berlin-Westend)
100%
22.012 Stadion An Der Alten Försterei (Berlin-Köpenick)
87%
10.000 Poststadion (Berlin-Moabit)
40%
14.700 Mommsenstadion (Berlin-Charlottenburg)
27%
9.900 HOWOGE-Arena "Hans Zoschke" (Berlin-Lichtenberg)
13%
12.400 Sportforum Berlin (Berlin-Hohenschönhausen)
13%
8.000 Kissingen-Stadion (Berlin-Pankow-Süd)
7%
8.000 Sportstadion Hakenfelde (Berlin-Spandau)
7%
6.000 Stadion Rennbahnstraße (Berlin-Weißensee)
7%
9.000 Volksparkstadion (Berlin-Mariendorf)
7%
6.000 Werner-Seelenbinder-Sportpark (Berlin-Neukölln)
7%
8.000 Helmut-Schleusener-Stadion (Berlin-Spandau)
0%
10.000 Maifeld (Berlin-Charlottenburg)
0%
7.000 Preussenstadion Malteserstraße (Berlin-Lankwitz)
0%
12.500 Sportpark Britz-Süd (Berlin-Britz)
0%
6.000 Sportplatz Maybachufer (Berlin-Kreuzberg)
0%
6.000 Stadion am Buschkrug (Berlin-Britz)
0%
12.500 Stadion Friedrichsfelde (Berlin-Friedrichsfelde)
0%
6.000 Stadion im FEZ (Berlin-Köpenick)
0%
7.000 Stadion Wittenau (Berlin-Wittenau)
0%
7.000 Stadion Züllichauer Straße (Berlin-Kreuzberg)
0%
Keine übereinstimmenden Quizze gefunden
Verteilung der Resultate
Anzahl Personen mit jedem Resultat
Perzentil nach korrekt beantworteten Fragen
Ihre Resultats-Entwicklung
Sie haben dieses Quiz noch nicht gespielt